000 00429nam a2200157 i 4500
001 90285
003 ES-MaACL
005 20230906180412.0
007 t|
008 050119s1917 fr ||||1| fre d
100 1 _aLeger, Louis.
_971275
245 1 3 _aLe panslavisme et l'interet français /
_cLouis Leger.
260 _aParis :
_b[s.n.,
_c1917] (
_fHemmerlé et Cie.)
300 _a360 p. ;
_c18 cm.
852 _aES-MaACL
_jF-6388
999 _c90285
_d90285